<?xml version="1.0" encoding="UTF-8"?>
<record
    xmlns:xsi="http://www.w3.org/2001/XMLSchema-instance"
    xsi:schemaLocation="http://www.loc.gov/MARC21/slim http://www.loc.gov/standards/marcxml/schema/MARC21slim.xsd"
    xmlns="http://www.loc.gov/MARC21/slim">

  <leader>01529nam a2200337 i 4500</leader>
  <controlfield tag="001">002200001591153</controlfield>
  <controlfield tag="003">CZ PrSKC</controlfield>
  <controlfield tag="005">20260505155948.0</controlfield>
  <controlfield tag="008">260429s2026    xr            ||| | cze  </controlfield>
  <datafield tag="020" ind1=" " ind2=" ">
    <subfield code="a">9788025640531</subfield>
    <subfield code="c">K&#x10D; 299,00</subfield>
  </datafield>
  <datafield tag="040" ind1=" " ind2=" ">
    <subfield code="a">TUG001</subfield>
    <subfield code="b">cze</subfield>
    <subfield code="e">rda</subfield>
  </datafield>
  <datafield tag="041" ind1="1" ind2=" ">
    <subfield code="a">cze</subfield>
    <subfield code="h">eng</subfield>
  </datafield>
  <datafield tag="072" ind1=" " ind2="7">
    <subfield code="a">821-93-053.4</subfield>
    <subfield code="x">Literatura pro nejmen&#x161;&#xED; d&#x11B;ti</subfield>
    <subfield code="2">Konspekt</subfield>
  </datafield>
  <datafield tag="100" ind1="1" ind2=" ">
    <subfield code="a">Daynes, Katie</subfield>
    <subfield code="4">aut</subfield>
    <subfield code="9">4992</subfield>
  </datafield>
  <datafield tag="240" ind1="1" ind2="0">
    <subfield code="a">What makes it rain?</subfield>
    <subfield code="l">&#x10C;esky</subfield>
  </datafield>
  <datafield tag="245" ind1="1" ind2="0">
    <subfield code="a">Odkud p&#x159;ich&#xE1;z&#xED; d&#xE9;&#x161;&#x165;? :</subfield>
    <subfield code="b">prvn&#xED; ot&#xE1;zky a odpov&#x11B;di /</subfield>
    <subfield code="c">napsala Katie Daynes ; ilustrace Christine Pym</subfield>
  </datafield>
  <datafield tag="250" ind1=" " ind2=" ">
    <subfield code="a">Prvn&#xED; &#x10D;esk&#xE9; vyd&#xE1;n&#xED;</subfield>
  </datafield>
  <datafield tag="264" ind1=" " ind2="1">
    <subfield code="a">Praha :</subfield>
    <subfield code="b">Svojtka &amp; Co.,</subfield>
    <subfield code="c">2026</subfield>
  </datafield>
  <datafield tag="300" ind1=" " ind2=" ">
    <subfield code="a">14 ne&#x10D;&#xED;slovan&#xFD;ch stran :</subfield>
    <subfield code="b">ilustrace ;</subfield>
    <subfield code="c">23 cm</subfield>
  </datafield>
  <datafield tag="490" ind1="1" ind2=" ">
    <subfield code="a">Kuk pod ok&#xE9;nko</subfield>
  </datafield>
  <datafield tag="500" ind1=" " ind2=" ">
    <subfield code="a">Z angli&#x10D;tiny p&#x159;elo&#x17E;ila Erika Sta&#x159;eck&#xE1;</subfield>
  </datafield>
  <datafield tag="500" ind1=" " ind2=" ">
    <subfield code="a">&#xDA;daje o n&#xE1;zvu a odpov&#x11B;dnosti z ob&#xE1;lky</subfield>
  </datafield>
  <datafield tag="500" ind1=" " ind2=" ">
    <subfield code="a">Kartonov&#xE9; listy s otev&#xED;rac&#xED;mi ok&#xE9;nky</subfield>
  </datafield>
  <datafield tag="520" ind1="2" ind2=" ">
    <subfield code="a">Pro&#x10D; pr&#x161;&#xED;? Odkud se bere v&#xED;tr? Jak vznik&#xE1; duha, sn&#xED;h nebo blesk? Tato bohat&#x11B; ilustrovan&#xE1; kniha s odkl&#xE1;p&#x11B;c&#xED;mi ok&#xE9;nky odpov&#xED;d&#xE1; na nej&#x10D;ast&#x11B;j&#x161;&#xED; d&#x11B;tsk&#xE9; ot&#xE1;zky o po&#x10D;as&#xED; srozumiteln&#x11B; a hravou formou. Ka&#x17E;d&#xE1; dvoustrana je postaven&#xE1; na jednoduch&#xE9; ot&#xE1;zce a pod pevn&#xFD;mi ok&#xE9;nky skr&#xFD;v&#xE1; jasn&#xE9; vysv&#x11B;tlen&#xED;, kter&#xE9; d&#x11B;ti snadno pochop&#xED;.</subfield>
  </datafield>
  <datafield tag="655" ind1=" " ind2="7">
    <subfield code="a">leporela</subfield>
    <subfield code="9">906</subfield>
  </datafield>
  <datafield tag="700" ind1="1" ind2=" ">
    <subfield code="a">Pym, Christine,</subfield>
    <subfield code="d">1984-</subfield>
    <subfield code="4">ill</subfield>
    <subfield code="9">11623</subfield>
  </datafield>
  <datafield tag="700" ind1="1" ind2=" ">
    <subfield code="a">Sta&#x159;eck&#xE1;, Erika</subfield>
    <subfield code="4">trl</subfield>
    <subfield code="9">16155</subfield>
  </datafield>
  <datafield tag="710" ind1="2" ind2=" ">
    <subfield code="a">Svojtka &amp; Co. (nakladatelstv&#xED;)</subfield>
    <subfield code="4">pbl</subfield>
    <subfield code="9">20505</subfield>
  </datafield>
  <datafield tag="910" ind1=" " ind2=" ">
    <subfield code="a">ABG508</subfield>
  </datafield>
  <datafield tag="952" ind1=" " ind2=" ">
    <subfield code="1">0</subfield>
    <subfield code="2">udc</subfield>
    <subfield code="4">0</subfield>
    <subfield code="0"></subfield>
  </datafield>
  <datafield tag="999" ind1=" " ind2=" ">
    <subfield code="c">34253</subfield>
    <subfield code="d">34253</subfield>
  </datafield>
</record>
